000 00501nam a2200181Ia 4500
001 17191
005 20260306170407.0
008 260306t2014||||xx |||||||||||||| ||und||
041 _aESP
082 _a657.61
_bA11
100 _aAbanto Bromley, Martha
_eAUT
245 0 _aNormas internacionales de contabilidad 2015 NIC, NIIF, SIC, CINIIF:
_bexplicadas con casos prácticos
260 _c2014
300 _a975 páginas :
_c25 cm.
650 _aGEN
654 _aCCO
942 _cLIB
_dJUS
_fJUS
_2ddc
_n
999 _c17191
_d17191